000 00948naa a22003017a 4500
001 BR8106886
003 BR-BrBNA
005 20240918175034.0
007 ta
008 230509b bl.||||| |||| 00| 0 por d
040 _aBR-BrBNA
_bpor
_cBiblioteca Nacional de Agricultura
041 _a(Pt)
072 _aQ10; S10
_b9250
_b0336
090 _aQ10 BR8106886
100 1 _aTakahashi, G.
100 1 _aCia, G.
245 1 _aUtilizacao de derivados da soja na fabricacao de produtos carneos
_bCapitulo 14 - Utilizacao e aspectos tecnologicos
260 3 _aSao Paulo, SP (Brasil):
_c1981.
500 _aMiyasaka, S.; Medina, J.C. (eds.) A soja no Brasil Sao Paulo, SP (Brasil): 1981. p. 885-890 (BR8106886-AM)Q10
650 _aSOJA
650 _aSUBPRODUTO
650 _aCARNE
650 _aPROTEINA
650 _aINDUSTRIA ALIMENTICIA
650 _aCOMPOSICAO QUIMICA
909 _a202404
_bLucia
_c55
_dLucia Elande
942 _cAM
_2AGRIS
999 _c314691
_d314691